000 nam a22 7a 4500
999 _c7593
_d7593
008 170921b xxu||||| |||| 00| 0 eng d
100 _94101
_aBaig.T.
245 _aBarbeque Bonanza
260 _aNew Delhi
_bBribass
_c2004